000 00544nam a2200133Ia 4500
008 220620s9999||||xx |||||||||||||| ||und||
020 _a9789610000000
100 _aSmrekar, Aleš||Tiran, Jernej
245 0 _a2Bparks MAINSTREAM
546 _aEnglish[eng]
650 _aeducation||management||protected areas||sustainable development||tourism||izobraževanje||trajnostni razvoj||turizem||upravljanje||zaščitena območja||zavarovana območja
856 _uhttps://omp.zrc-sazu.si/zalozba/catalog/view/905/3840/701-2
942 _cEB
999 _c29681
_d29681